000 00779nam a22002537a 4500
001 BR7312182
003 BR-BrBNA
005 20230928084247.0
007 ta
008 230509b bl.||||| |||| 00| 0 por d
040 _aBR-BrBNA
_bpor
_cBiblioteca Nacional de Agricultura
041 _a(Por)
072 _aD10; E20
_b/G514
090 _ D10 BR7312182
110 1 _aMinisterio da Agricultura, Brasilia, DF (Brasil). Depto. de Administracao
245 1 _aRelatorio 1973. Programa de trabalho 1974 [Ministerio da Agricultura. Departamento de Administracao, Brasil]
260 3 _aBrasilia, DF (Brasil):
_c1973.
300 _a208 p.
650 _aADMINISTRACAO PUBLICA
650 _aORCAMENTO
650 _aRECEITA
909 _a202309
_bLucia
_c55
_dLucia Elande
942 _cBK
999 _c17763
_d17763